Loading...
ഡോ. ഗോദവർമയുടെ പ്രബന്ധങ്ങൾ /
| Other Authors: | |
|---|---|
| Format: | Printed Book |
| Published: |
Thiruvananthapuram:
Kerala Bhasha Institute,
1997.
|
| Subjects: |
| LEADER | 00535cam a2200133ua 4500 | ||
|---|---|---|---|
| 082 | |a 894.812 4 |b GOD/D | ||
| 245 | 0 | 0 | |a ഡോ. ഗോദവർമയുടെ പ്രബന്ധങ്ങൾ / |
| 260 | |a Thiruvananthapuram: |b Kerala Bhasha Institute, |c 1997. | ||
| 300 | |a 215p.. | ||
| 650 | 0 | |a Doctor Godavarmayute Prabandhangal |a Malayalam essays | |
| 700 | 0 | 2 | |a Gupthan Nair, S. |
| 942 | |c BK | ||
| 999 | |c 11261 |d 11261 | ||
| 952 | |0 0 |1 0 |4 0 |6 894_812000000000000_4_GOD |7 0 |9 11747 |a KUCL |b KUCL |d 2014-05-23 |l 0 |o 894.812 4 GOD/ |p 13134 |r 2014-05-23 |w 2014-05-23 |y BK | ||